The role and applicability of qarinah in criminal cases : it's position in Malaysian legal system /
Saved in:
| 主要作者: | |
|---|---|
| 格式: | Thesis |
| 語言: | English |
| 出版: |
Gombak :
International Islamic University Malaysia,
2003
|
| 主題: | |
| 標簽: |
添加標簽
沒有標簽, 成為第一個標記此記錄!
|
| LEADER | 019010000a22003970004500 | ||
|---|---|---|---|
| 001 | 276372 | ||
| 005 | 20230420112359.0 | ||
| 008 | 040226s2003 my g 000 0 eng d | ||
| 035 | |a (Sirsi) 276372 | ||
| 040 | |a UIAM |b eng | ||
| 041 | 0 | |a eng | |
| 043 | |a a-my--- | ||
| 050 | 0 | 0 | |a KPG3649 |
| 100 | 0 | |a Ruzman Md. Noor |9 116217 | |
| 245 | 1 | 4 | |a The role and applicability of qarinah in criminal cases : |b it's position in Malaysian legal system / |c by Ruzman Md. Noor |
| 260 | |a Gombak : |b International Islamic University Malaysia, |c 2003 | ||
| 300 | |a xviii, 365 leaves. ; |c 30 cm. | ||
| 336 | |2 rdacontent | ||
| 337 | |2 rdamedia | ||
| 338 | |2 rdacarrier | ||
| 500 | |a "A thesis submitted in fullfilment of the requirement for the degree of Doctor of Philosophy in laws (Ph.D Laws) programme" -- on t.p. | ||
| 500 | |a Abstract in English and Arabic. | ||
| 502 | |a Thesis (Ph.D.) -- International Islamic University Malaysia, 2003 | ||
| 504 | |a Includes bibliographical references [p.349-365] | ||
| 650 | 0 | |a Evidence (Law) |z Malaysia |9 38571 | |
| 650 | 0 | |a Evidence, Criminal (Islamic law) |9 60142 | |
| 650 | 0 | |a Islamic law |z Malaysia |9 3618 | |
| 655 | 0 | 7 | |a Theses, IIUM local |
| 690 | 0 | |a Dissertations, Academic |x Ahmad Ibrahim Kulliyyah of Laws |z IIUM | |
| 710 | 2 | |a International Islamic University Malaysia. |b Ahmad Ibrahim Kulliyyah of Laws | |
| 900 | |a mbs-hj-we-hana-bs | ||
| 942 | |2 lcc |n 0 | ||
| 999 | |c 431657 |d 463929 | ||
| 952 | |0 0 |6 LU T KPG 3649 R987R 2003 |7 0 |8 THESES |9 753379 |a IIUM |b IIUM |c CLOSEACCES |g 0.00 |o lu t KPG 3649 R987R 2003 |p 00000868552 |r 2017-10-24 |t 1 |v 0.00 |y THESIS | ||
| 952 | |0 0 |6 LU T KPG 3649 R987R 2003 |7 0 |8 THESES |9 753380 |a IIUM |b IIUM |c CLOSEACCES |g 0.00 |o lu t KPG 3649 R987R 2003 |p 00000868551 |r 2017-10-20 |t 2 |v 0.00 |y THESIS | ||
| 952 | |0 0 |6 T KPG 3649 R987R 2003 |7 0 |8 THESES |9 754187 |a IIUM |b IIUM |c MULTIMEDIA |g 0.00 |o t KPG 3649 R987R 2003 |p 00011274466 |r 2017-10-20 |t 1 |v 0.00 |y THESIS | ||
